| 000 | 00677nam a2200229 i 4500 | ||
|---|---|---|---|
| 001 | 142331 | ||
| 003 | ES-MaACL | ||
| 005 | 20250830111414.0 | ||
| 007 | t| | ||
| 008 | 071004s1944 sp ||||1| spa d | ||
| 100 | 1 |
_aVila Creus, Pedro. _9114718 |
|
| 245 | 1 | 0 |
_aOrientaciones sociales / _cpor el P. Pedro Vila Creus. |
| 250 | _a2ª ed. | ||
| 260 |
_aMadrid : _bRazón y Fe, _c[1944] |
||
| 300 |
_a369 p. ; _c20 cm. |
||
| 490 | 1 | _aBiblioteca Fomento Social | |
| 610 | 2 | 4 |
_aIglesia Católica- _xDoctrina social _94642 |
| 710 | 2 |
_aFomento Social (Madrid) _9171603 |
|
| 830 | 1 |
_aBiblioteca Fomento Social _9181200 |
|
| 852 |
_aES-MaACL _jG-3378 |
||
| 999 |
_c142331 _d142331 |
||